000 00581nam a2200193Ia 4500
005 20260114185703.0
008 008 260114s9999 xx 000 0 eng d
020 _a9780755624904
037 _aEBOOK
040 _aCRL
_beng
_cCRL
041 _aeng
_2eng
084 _qCRL
100 _aDan O'Sullivan
_9873146
245 0 _aIn Search of Captain Cook Exploring the Man Through His Own Words
260 _bBloomsbury
_c2008
856 _uhttps://doi.org/10.5040/9780755624904?locatt=label:secondary_bloomsburyCollections
942 _cEBOOK
999 _c1472094
_d1472094